000
00229nam a2200097Ia 4500
008
220120s9999||||xx |||||||||||||| ||und||
100
_a
Yasasway, N.J
_9
11522
245
0
_a
Personal investment
260
_b
Delhi
300
_a
72p.
_b
0
999
_c
136489
_d
136489